Central Library OPAC University of Rajshahi

An introduction to Peirce's philosophy : (Record no. 31192)

MARC details
000 -LEADER
fixed length control field 00660nam a22002171 4500
001 - CONTROL NUMBER
control field 31192
003 - CONTROL NUMBER IDENTIFIER
rucl marc code BD-RjUL
005 - DATE AND TIME OF LATEST TRANSACTION
control field 20211209051654.0
008 - FIXED-LENGTH DATA ELEMENTS--GENERAL INFORMATION
fixed length control field 140413s1960 enk 00100 eng d
035 ## - SYSTEM CONTROL NUMBER
System control number (BD-RjUL)31279
040 ## - CATALOGING SOURCE
Original cataloging agency DLC
Language of cataloging eng
Transcribing agency DLC
Modifying agency BD-RjUL
041 ## - LANGUAGE CODE
Language code of text/sound track or separate title eng
082 ## - DEWEY DECIMAL CLASSIFICATION NUMBER
Classification number 191
Author mark and year FEI 1960
100 1# - MAIN ENTRY--PERSONAL NAME
Personal name Feibleman, James K.
Fuller form of name (James Kern),
Dates associated with a name 1904-
9 (RLIN) 94861
245 13 - TITLE STATEMENT
Title An introduction to Peirce's philosophy :
Remainder of title interpreted as a system /
260 ## - PUBLICATION, DISTRIBUTION, ETC. (IMPRINT)
Place of publication, distribution, etc. London :
Name of publisher, distributor, etc. Allen & Unwin,
Date of publication, distribution, etc. 1960.
300 ## - PHYSICAL DESCRIPTION
Pagination xx, 503 p. ;
Size 24 cm.
504 ## - BIBLIOGRAPHY, ETC. NOTE
Bibliography, etc Includes index.
600 10 - SUBJECT ADDED ENTRY--PERSONAL NAME
Personal name Peirce, Charles S.
Fuller form of name (Charles Sanders),
Dates associated with a name 1839-1914.
942 ## - ADDED ENTRY ELEMENTS (KOHA)
Source of classification or shelving scheme Dewey Decimal Classification
Koha item type Books
Holdings
Lost status Source of classification or shelving scheme Damaged status Not for loan Collection code Permanent Location Current Location Shelving location Date acquired Source of acquisition Cost, normal purchase price Total Checkouts Full call number Date last seen Copy number Koha item type
  Dewey Decimal Classification     Non-fiction Central Library, University of Rajshahi Central Library, University of Rajshahi   14/05/1968 Zeitlinger 50.00   191 FEI 1960 13/04/2014 C-2 Books
  Dewey Decimal Classification   Not For Loan Non-fiction Central Library, University of Rajshahi Central Library, University of Rajshahi Reading Room 14/05/1968 Zeitlinger 50.00   191 FEI 1960 13/04/2014 C-1 Books